| 000 | 00732nab a2200229 4500 | ||
|---|---|---|---|
| 003 | BR-BrBNA | ||
| 005 | 20250401210918.0 | ||
| 008 | 250401b bl.||||| |||| 00| 0 por d | ||
| 040 |
_aBR-BrBNA _bpor |
||
| 072 |
_aL01 ; Q60 ; J15 ; Q02 ; E70 _b6300 ; 8967 ; 9705 |
||
| 100 | _aAraújo, Carla | ||
| 245 |
_aA era do ganso _bAgronegócios |
||
| 500 | _a2 illus. | ||
| 650 | _aGANSO | ||
| 650 | _aESPÉCIE | ||
| 650 | _aPLUMA | ||
| 650 | _aCARNE | ||
| 650 | _aCOMERCIALIZAÇÃO | ||
| 773 | 0 |
_01706 _9346302 _dSão Paulo-SP Editora Três Ltda - E-mail: luizfsa@revistadinheiro.com.br 2004 _o2024-6956 _tDinheiro Rural (Brazil) _x1807-3700 _gv. 3(20) p. 85; (Jun 2006) _wBR2025000445 |
|
| 942 | _cANA | ||
| 999 |
_c330788 _d330788 |
||